| 000 | 02818cam a2200361 4500500 | ||
|---|---|---|---|
| 005 | 20260322012611.0 | ||
| 041 | _afre | ||
| 042 | _adc | ||
| 100 | 1 | 0 |
_aNoudamadjo, Alphonse _eauthor |
| 700 | 1 | 0 |
_aAgossou, Joseph _eauthor |
| 700 | 1 | 0 |
_aAdèdémy, Julien Didier _eauthor |
| 700 | 1 | 0 |
_aTchegnonsi, F. _eauthor |
| 700 | 1 | 0 |
_aDjidonou, Anselme _eauthor |
| 700 | 1 | 0 |
_aDodji Mensah, Antoine Emile _eauthor |
| 700 | 1 | 0 |
_aOlodo, Laifoya _eauthor |
| 700 | 1 | 0 |
_aLalèyè, Anatole _eauthor |
| 700 | 1 | 0 |
_aGandaho, Prosper _eauthor |
| 245 | 0 | 0 | _aVécu d’un adolescent présentant une anomalie de la différenciation sexuelle (ADS) |
| 260 | _c2015. | ||
| 500 | _a43 | ||
| 520 | _aVivre avec une ambiguïté sexuelle constitue un poids à la fois social et psychologique énorme en milieu Bariba au Bénin où la culture place l’homme au dessus de la femme. Zénabou de sexe masculin génétiquement, mais précocement baptisé fille par une erreur d’appréciation clinique de son sexe à la naissance, s’emploie à son corps défendant pour réparer cette erreur initiale et réintégrer son univers psychosocial. Les circonstances de prise de contact avec lui, son vécu psychosocial et le poids du regard de la communauté sont les éléments rapportés par les auteurs dans ce travail. Ce cas de pseudohermaphrodisme masculin suggère la nécessité d’une déclaration différée du sexe à l’état civil. Ce qui éviterait les erreurs diagnostiques particulièrement préjudiciables pour l’acquisition d’une identité psychosexuelle stable par de tels enfants / adolescents. | ||
| 520 | _aSuffering of a teenager with a disorder of sex development (DSD) — living with a sexual ambiguity constitutes a psychological weight in the Bariba socio-cultural area in Benin where men are considered as the superior sex. Zénabou genetically male, but early called girl because of a clinical error of assessment of sex during his birth will to repair this initial error. His psychosocial experience and the weight of the look of his community are reported in this work. This case of male pseudohermaphrodite suggests the need for a delayed sex civil status statement This would avoid harmful diagnostic error, particularly damaging for the acquisition of a stable psychosexual identity for children and adolescents. | ||
| 690 | _aAnomalie de la différenciation sexuelle | ||
| 690 | _aBénin | ||
| 690 | _aidentité psychosexuelle | ||
| 690 | _apseudohermaphrodisme masculin | ||
| 690 | _aBenin | ||
| 690 | _adisorder of sex development | ||
| 690 | _amale pseudo hermaphrodite | ||
| 690 | _apsychosexual identity | ||
| 786 | 0 | _nPsy Cause | 68 | 1 | 2015-01-20 | p. 17-21 | 1245-2394 | |
| 856 | 4 | 1 | _uhttps://shs.cairn.info/revue-psy-cause-2015-1-page-17?lang=fr&redirect-ssocas=7080 |
| 999 |
_c1774118 _d1774118 |
||